Pays les plus peuplés en 1600 - Statistiques

Statistiques générales
  • Ce quiz a été pris 72 fois
  • Le résultat moyen est 10 sur 15
Statistiques - réponses
Hint Réponse % Correct
18 à 21 M Royaume de France
99%
60-150 M Chine (Dynastie Ming)
97%
9 M Tsarat de Russie
94%
115 M Empire moghol (Inde)
91%
28,745 M Union ibérique
91%
5,6 M Royaume d'Angleterre et d'Irlande
85%
12 M Japon (shogunat Tokugawa)
81%
5 - 10 M Empire séfévide
66%
28,740 M Empire ottoman
63%
7,8 M Monarchie de Habsbourg
56%
7,95 M République des Deux Nations
44%
11 M Corée
41%
5,5 M Dai Viêt (dynastie Lê)
38%
13 M Maroc
34%
27-34 M Saint-Empire romain germanique
31%
Aucun quiz correspondant
Distribution des résultats
% des personnes avec chaque résultat
Percentile par nombre de réponses
Votre historique - résultats
Vous n’avez pas pris ce quiz